[Event "N4 Reims II - Echiquier Aubois II "]
[Site "?"]
[Date "2011.10.16"]
[Round "1"]
[White "Barnier, Christophe"]
[Black "Valentin, Benoit"]
[Result "1-0"]
[WhiteElo "1857"]
[BlackElo "1499"]
[PlyCount "47"]
[EventDate "2011.10.16"]
[SourceDate "2011.10.16"]

1. d4 d5 2. Nf3 Nf6 3. Bf4 Bf5 4. e3 e6 5. Be2 Bd6 6. Ne5 O-O 7. Nd2 c5 8. c3
c4 9. O-O Qc7 10. g4 Bg6 11. Nxg6 hxg6 12. Bxd6 Qxd6 13. f4 Nc6 14. Qe1 Nd7 15.
Qh4 f6 16. e4 Kf7 17. e5 Qe7 18. Qg3 Rg8 19. Nf3 Raf8 20. Bd1 Ke8 21. Bc2 f5
22. Nh4 Kf7 23. gxf5 gxf5 24. Qg6# 1-0

[Event "N4 Reims II - Echiquier Aubois II "]
[Site "?"]
[Date "2011.10.16"]
[Round "1"]
[White "Brajon, Eric"]
[Black "Goncalves, David"]
[Result "1-0"]
[WhiteElo "1940"]
[BlackElo "1760"]
[PlyCount "61"]
[EventDate "2011.10.16"]
[SourceDate "2011.10.16"]

1. b3 e5 2. Bb2 Nc6 3. e3 Nf6 4. Bb5 d6 5. Ne2 a6 6. Bxc6+ bxc6 7. O-O Be7 8.
f4 e4 9. Ng3 O-O 10. Nc3 Bg4 11. Qe1 d5 12. f5 Bd6 13. Nce2 h5 14. h3 Bxe2 15.
Nxe2 Nh7 16. f6 g5 17. Nd4 Qd7 18. Nf5 c5 19. Qe2 Kh8 20. Qxh5 Rg8 21. Nh6 Rae8
22. Nxg8 Rxg8 23. g4 Rg6 24. Rf5 Bf8 25. Re5 Rh6 26. Re7 Qd6 27. Be5 Rxh5 28.
Bxd6 Rxh3 29. Bxc7 Bxe7 30. fxe7 Nf6 31. Be5 1-0

[Event "N4 Reims II - Echiquier Aubois II "]
[Site "?"]
[Date "2011.10.16"]
[Round "1"]
[White "samakar, Siavosh"]
[Black "Guerin, Patrick"]
[Result "1-0"]
[WhiteElo "1890"]
[BlackElo "1630"]
[PlyCount "51"]
[EventDate "2011.10.16"]
[SourceDate "2011.10.16"]

1. d4 d5 2. c4 c6 3. Nf3 Bf5 4. Nc3 e6 5. Bf4 Be7 6. e3 Nd7 7. Be2 h6 8. O-O
Ngf6 9. Qb3 Qb6 10. c5 Qxb3 11. axb3 O-O 12. Nd2 b6 13. b4 b5 14. Ra6 Rfc8 15.
Rfa1 Kf8 16. Rxa7 Rxa7 17. Rxa7 Ke8 18. Nb3 Bd8 19. Na5 Bxa5 20. bxa5 Kd8 21.
Na2 Ng8 22. Nb4 Ne7 23. Bd6 Bg6 24. Ra6 Nb8 25. Rb6 Nd7 26. Bxe7+ 1-0

[Event "N4 Reims II - Echiquier Aubois II "]
[Site "?"]
[Date "2011.10.16"]
[Round "1"]
[White "Catherine, Bertrand"]
[Black "Garcia, Gilles"]
[Result "1-0"]
[WhiteElo "1833"]
[BlackElo "1937"]
[PlyCount "59"]
[EventDate "2011.10.16"]
[SourceDate "2011.10.16"]

1. e4 d5 2. exd5 Nf6 3. c4 c6 4. d4 cxd5 5. Nc3 e6 6. Nf3 Be7 7. Bd3 O-O 8. O-O
Nc6 9. a3 a6 10. c5 Qc7 11. Re1 Re8 12. Bg5 h6 13. Bh4 Qd8 14. Bc2 Nd7 15. Bxe7
Nxe7 16. Qd3 Nf8 17. Na4 Bd7 18. Ne5 Bxa4 19. Bxa4 b5 20. cxb6 Qxb6 21. Bxe8
Rxe8 22. b4 Nf5 23. Nf3 Nh7 24. Rac1 Nf6 25. Re2 Nd6 26. Rec2 Nfe4 27. Rc6 Qb5
28. Qxb5 axb5 29. Ne5 Ra8 30. f3 1-0

[Event "N4 Reims II - Echiquier Aubois II "]
[Site "?"]
[Date "2011.10.16"]
[Round "1"]
[White "Droit, Vincent"]
[Black "Chery, Quentin"]
[Result "1-0"]
[WhiteElo "2040"]
[BlackElo "1800"]
[PlyCount "82"]
[EventDate "2011.10.16"]
[SourceDate "2011.10.16"]

1. e4 e5 2. Nc3 Nc6 3. Bc4 d6 4. Nge2 Bg4 5. O-O Bxe2 6. Nxe2 Nf6 7. d3 Be7 8.
f4 Qd7 9. a3 d5 10. exd5 Nxd5 11. b4 a6 12. Qe1 Bf6 13. Ng3 O-O-O 14. Nh5 exf4
15. Nxf6 Nxf6 16. Bxf4 Nd4 17. Qd2 Rhe8 18. Rfe1 Rxe1+ 19. Rxe1 Qg4 20. Qf2
Nxc2 21. Rc1 Rd7 22. h3 Qf5 23. Rxc2 Nd5 24. Bxd5 Qxd5 25. Qc5 Qxc5+ 26. Rxc5
c6 27. Rc3 Rd5 28. g4 Kd7 29. Kf2 g6 30. Ke3 Ke6 31. Rc4 f6 32. Rd4 g5 33. Bc7
h6 34. Rxd5 Kxd5 35. Bd8 Ke5 36. d4+ Ke6 37. Ke4 b5 38. Bb6 Kd6 39. Kf5 Ke7 40.
Bc5+ Kf7 41. Bd6 Kg7 1-0

[Event "N4 Reims II - Echiquier Aubois II "]
[Site "?"]
[Date "2011.10.16"]
[Round "1"]
[White "Tassetti, Florent"]
[Black "Zeroual, Mohamed"]
[Result "1/2-1/2"]
[WhiteElo "1655"]
[BlackElo "1925"]
[PlyCount "68"]
[EventDate "2011.10.16"]
[SourceDate "2011.10.16"]

1. c4 Nf6 2. Nc3 g6 3. Nf3 Bg7 4. g3 O-O 5. Bg2 d6 6. d4 Nc6 7. d5 Na5 8. Qd3
b6 9. e4 Nd7 10. Be3 c5 11. O-O Rb8 12. Bf4 a6 13. Rfe1 b5 14. cxb5 axb5 15. e5
Nc4 16. exd6 Nxd6 17. Qe2 b4 18. Ne4 Rb6 19. Nxd6 exd6 20. Rab1 Nf6 21. Bg5 h6
22. Bxf6 Bxf6 23. Nd2 Ba6 24. Qe3 Bg5 25. f4 Bf6 26. Kh1 Bc8 27. Bf1 Bf5 28.
Bd3 Bd4 29. Qe2 Bxd3 30. Qxd3 f5 31. Nc4 Rb7 32. Re6 Rf6 33. Rbe1 Rxe6 34. Rxe6
Re7 1/2-1/2

[Event "N4 Reims II - Echiquier Aubois II "]
[Site "?"]
[Date "2011.10.16"]
[Round "1"]
[White "Guerin, Atonin"]
[Black "Barat, jaques"]
[Result "1/2-1/2"]
[WhiteElo "1730"]
[BlackElo "1860"]
[PlyCount "85"]
[EventDate "2011.10.16"]
[SourceDate "2011.10.16"]

1. d4 Nf6 2. Nf3 g6 3. Nc3 d5 4. Bf4 c6 5. h3 Bg7 6. e3 O-O 7. Bd3 Na6 8. Bxa6
bxa6 9. O-O Nh5 10. Bh2 e6 11. Na4 f5 12. Nc5 f4 13. e4 dxe4 14. Nxe4 Rb8 15.
Rb1 Qd5 16. Nc3 Qd8 17. Re1 Rb4 18. Ne2 Qc7 19. Qd2 c5 20. c3 Rb8 21. dxc5 Rd8
22. Qc1 e5 23. Rd1 Bb7 24. Rxd8+ Rxd8 25. Qc2 Nf6 26. Rd1 Be4 27. Rxd8+ Qxd8
28. Qd2 Qxd2 29. Nxd2 Bd3 30. Nc1 Bb5 31. g3 g5 32. Nf3 Ne4 33. gxf4 gxf4 34.
Nb3 Kf7 35. Nh4 Ke6 36. f3 Nf6 37. Kf2 Nd7 38. Bg1 Bf6 39. Ng2 Be7 40. Ke1 Bf6
41. Bf2 Kd5 42. c6 Bxc6 43. Bxa7 1/2-1/2

[Event "N4 - Echiquier Aubois Ii - Chaumont I "]
[Site "?"]
[Date "2011.10.16"]
[Round "1"]
[White "Mouriot, Didier"]
[Black "Prost, catherine"]
[Result "1-0"]
[WhiteElo "1420"]
[BlackElo "1310"]
[PlyCount "124"]
[EventDate "2011.10.16"]
[SourceDate "2011.10.16"]

1. d4 d5 2. c4 e6 3. Nc3 Nf6 4. Bg5 Be7 5. Nf3 Nbd7 6. e3 O-O 7. Bd3 c6 8. O-O
dxc4 9. Bxc4 b5 10. Bd3 a6 11. Re1 Bb7 12. e4 Rc8 13. e5 Nd5 14. Bxe7 Qxe7 15.
Qd2 c5 16. Be4 cxd4 17. Qxd4 Qc5 18. Rac1 Qxd4 19. Nxd4 Ba8 20. a3 N7b6 21.
Nxd5 Bxd5 22. Bxd5 Nxd5 23. Nc6 Rc7 24. g3 Nb6 25. Nb4 Rxc1 26. Rxc1 a5 27. Nc2
a4 28. Nd4 Nc4 29. Nxb5 Nxb2 30. Rc3 h6 31. Nd6 f6 32. exf6 Rxf6 33. Rc8+ Kh7
34. Rc2 Nd3 35. Re2 e5 36. Ne4 Re6 37. h4 Kg6 38. f3 Kf5 39. Kg2 Rg6 40. Kh3
Rb6 41. g4+ Kf4 42. Kg2 Rb2 43. Rxb2 Nxb2 44. Nc5 Nc4 45. Nxa4 Nxa3 46. Nc5 g6
47. Nd3+ Ke3 48. Nxe5 Nc2 49. Nxg6 Ne1+ 50. Kg3 Nxf3 51. h5 Ng5 52. Ne7 Ne4+
53. Kh4 Nf6 54. Nf5+ Ke4 55. Nxh6 Nh7 56. Nf5 Nf6 57. h6 Nh7 58. Nd4 Ke5 59.
Nf3+ Kf6 60. Kh5 Nf8 61. g5+ Ke6 62. g6 Ke7 1-0

[Event "N4 - Echiquier Aubois I- Chaumont I "]
[Site "?"]
[Date "2011.10.16"]
[Round "1"]
[White "Hascher, Nicolas"]
[Black "Masera, Michel"]
[Result "1/2-1/2"]
[WhiteElo "1965"]
[BlackElo "1865"]
[PlyCount "118"]
[EventDate "2011.10.16"]
[SourceDate "2011.10.16"]

1. d4 Nf6 2. Nf3 c5 3. d5 b5 4. g3 Bb7 5. c4 d6 6. Bg2 g6 7. O-O Bg7 8. a4 b4
9. Ra2 O-O 10. b3 Qc7 11. Bf4 Nh5 12. Bg5 h6 13. Bc1 Nd7 14. g4 Nhf6 15. g5
hxg5 16. Bxg5 Rfe8 17. Nbd2 a5 18. Re1 e6 19. e4 exd5 20. exd5 Rxe1+ 21. Nxe1
Re8 22. Nf1 Qb8 23. Re2 Rxe2 24. Qxe2 Kf8 25. f4 Qe8 26. Qxe8+ Kxe8 27. Nd3 Nf8
28. Bh3 Ne4 29. Bh4 Nh7 30. Kg2 Nhf6 31. Kf3 Nc3 32. Nd2 Nh5 33. Bg4 Bf6 34.
Be1 Ng7 35. h4 Ke7 36. Bf2 Nd1 37. Be1 Nc3 38. Bg3 Bd4 39. Bh3 Kf6 40. f5 Nxf5
41. Bxf5 Kxf5 42. Bxd6 Nxd5 43. cxd5 Bxd5+ 44. Kg3 Bc3 45. Nc4 Bxc4 46. bxc4 b3
47. Bxc5 b2 48. Nxb2 Bxb2 49. Bb6 Bc3 50. Kf3 Bd2 51. Bc7 Bc3 52. Bd8 Bb4 53.
Ke3 Ke6 54. Kd4 f5 55. Bg5 Kd6 56. Bf4+ Kc6 57. Bg5 Kd6 58. Bf6 Be1 59. Bg5 Bb4
1/2-1/2

[Event "N4 - Echiquier Aubois I- Chaumont I "]
[Site "?"]
[Date "2011.10.16"]
[Round "1"]
[White "Kerlau, Gildas"]
[Black "Moine, Patrick"]
[Result "1-0"]
[WhiteElo "1722"]
[BlackElo "1908"]
[PlyCount "119"]
[EventDate "2011.10.16"]
[SourceDate "2011.10.16"]

1. d4 d5 2. c4 e6 3. Nc3 Nf6 4. Nf3 c6 5. e3 Nbd7 6. Bd3 Bd6 7. O-O O-O 8. Re1
e5 9. e4 dxe4 10. Nxe4 Nxe4 11. Bxe4 f5 12. Bc2 e4 13. Ng5 Nf6 14. c5 Be7 15.
Bb3+ Nd5 16. Nh3 Be6 17. f3 Bf7 18. fxe4 fxe4 19. Rxe4 Bg6 20. Re1 Kh8 21. Bxd5
cxd5 22. Nf4 Rxf4 23. Bxf4 Be4 24. Be5 Bf6 25. Bxf6 Qxf6 26. Qd2 Qg6 27. Rf1
Rc8 28. Rf2 h6 29. b4 Re8 30. a4 Qg4 31. Qf4 Qh5 32. Re1 Re6 33. g3 Rg6 34.
Rxe4 dxe4 35. Qxe4 Rf6 36. Rxf6 gxf6 37. Qd3 Qg5 38. Kg2 Qd5+ 39. Kg1 Qg5 40.
d5 Qc1+ 41. Kg2 Qb2+ 42. Kh3 Qe5 43. d6 Qe6+ 44. Kg2 Qd7 45. Kg1 Kg7 46. b5 f5
47. Qd5 Kg6 48. c6 Qe8 49. Kf2 Qh8 50. Qe6+ Kg5 51. h4+ Kg4 52. Qg6+ Kh3 53.
Qxf5+ Kh2 54. Qf4 Qb2+ 55. Ke3 Qb3+ 56. Ke2 Qe6+ 57. Kf3 Qd5+ 58. Ke2 Qa2+ 59.
Qd2 Qc4+ 60. Kf3+ 1-0

[Event "N4 - Echiquier Aubois I- Chaumont I "]
[Site "?"]
[Date "2011.10.16"]
[Round "1"]
[White "Guyot, Philippe"]
[Black "Picard, Serge"]
[Result "0-1"]
[WhiteElo "1990"]
[BlackElo "2080"]
[PlyCount "94"]
[EventDate "2011.10.16"]
[SourceDate "2011.10.16"]

1. d4 d5 2. Nf3 Nf6 3. e3 e6 4. Bd3 Bd6 5. O-O O-O 6. b3 Nbd7 7. Bb2 c6 8. Ne5
Qc7 9. f4 Ne4 10. c4 f5 11. Nxd7 Bxd7 12. Nd2 Nxd2 13. Qxd2 g5 14. Rac1 Rf6 15.
b4 Raf8 16. a4 Rg6 17. c5 Be7 18. b5 Rf7 19. Be2 Rfg7 20. g3 Rh6 21. bxc6 Bxc6
22. a5 a6 23. Bf3 Bd8 24. Bc3 Qe7 25. Bg2 Bc7 26. Rf2 Rhg6 27. Re1 h5 28. Kh1
g4 29. Bf1 h4 30. Kg1 Rh6 31. Bb4 Rgh7 32. gxh4 Rxh4 33. Rg2 Kf8 34. Bd3 Qe8
35. Qf2 Qh5 36. Bc3 g3 37. Qe2 gxh2+ 38. Kh1 Qf7 39. Rb1 Rg7 40. Rb2 Qg8 41.
Rb1 e5 42. fxe5 Rhg4 43. Rxg4 Rxg4 44. Qxh2 Bxe5 45. Qh6+ Bg7 46. Qh5 Bf6 47.
Qh6+ Ke7 0-1

[Event "N4 - Echiquier Aubois I- Chaumont I "]
[Site "?"]
[Date "2011.10.16"]
[Round "1"]
[White "Roussel, Jean-Marc"]
[Black "Louot, Catherine"]
[Result "0-1"]
[WhiteElo "1652"]
[BlackElo "1565"]
[PlyCount "110"]
[EventDate "2011.10.16"]
[SourceDate "2011.10.16"]

1. d4 Nf6 2. c4 d6 3. Nf3 Bf5 4. Nc3 g6 5. g3 Bg7 6. Bg2 O-O 7. O-O Nbd7 8. Nh4
Be6 9. d5 Bf5 10. h3 Nb6 11. Nxf5 gxf5 12. Qd3 Qd7 13. Re1 c6 14. dxc6 bxc6 15.
e4 fxe4 16. Nxe4 Nxe4 17. Qxe4 e5 18. Qxc6 Qxc6 19. Bxc6 Rac8 20. Bd5 Nxc4 21.
b3 Nb6 22. Bg2 e4 23. Rb1 d5 24. Bb2 Bxb2 25. Rxb2 f5 26. Rd1 Rfd8 27. Rbd2 Rc7
28. Kf1 Rcd7 29. Ke2 d4 30. g4 d3+ 31. Kf1 fxg4 32. hxg4 Re8 33. Re1 Rde7 34.
Kg1 Nd5 35. f3 exf3 36. Rxe7 Rxe7 37. Bxf3 Nf4 38. Kf2 Kf7 39. Kg3 Ne2+ 40. Kh4
Re3 41. Bd5+ Kf6 42. Bc4 Nf4 43. Rh2 d2 44. g5+ Kf5 45. Be6+ Nxe6 46. Rxd2 Re4+
47. Kh5 Ng7+ 48. Kh6 Ne6 49. Kxh7 Nxg5+ 50. Kg7 Re7+ 51. Kf8 Rf7+ 52. Kg8 Rc7
53. Kf8 Ne6+ 54. Ke8 Rc8+ 55. Kd7 Rd8+ 0-1

[Event "N4 - Echiquier Aubois I- Chaumont I "]
[Site "?"]
[Date "2011.10.16"]
[Round "1"]
[White "Da Costa, Manuel"]
[Black "Dhieux, Francky"]
[Result "0-1"]
[WhiteElo "1939"]
[BlackElo "2044"]
[PlyCount "94"]
[EventDate "2011.10.16"]
[SourceDate "2011.10.16"]

1. b3 e5 2. Bb2 Nc6 3. e3 d5 4. Bb5 Bd6 5. Nf3 Qe7 6. h3 Bd7 7. d4 e4 8. Nfd2
Qg5 9. Bf1 f5 10. Nc3 Nce7 11. Qe2 a6 12. O-O-O Nf6 13. f4 Qh4 14. Qe1 Qh6 15.
Be2 g5 16. g3 Rg8 17. Qf2 O-O-O 18. Rdg1 gxf4 19. gxf4 Rxg1+ 20. Qxg1 Rg8 21.
Qf1 Rg3 22. Nd1 Qg7 23. c4 Bb4 24. a3 Bxd2+ 25. Kxd2 h5 26. Rh2 h4 27. Nc3 c6
28. Na4 Kc7 29. Nc5 Rg1 30. Qf2 Qg3 31. Bc3 Bc8 32. Kc2 Qxf2 33. Rxf2 Rg3 34.
Rh2 Rxe3 35. Bd2 Rg3 36. Be1 Ng6 37. Bxg3 hxg3 38. Rg2 Nxf4 39. Rxg3 Nxe2 40.
Rg7+ Kb8 41. Rf7 Nh5 42. Rf8 Nxd4+ 43. Kc3 Nf3 44. cxd5 cxd5 45. Nd7+ Kc7 46.
Nf6 d4+ 47. Kc2 d3+ 0-1

[Event "N4 - Echiquier Aubois I- Chaumont I "]
[Site "?"]
[Date "2011.10.16"]
[Round "1"]
[White "Ferrand, Chirstophe"]
[Black "Parisot, Anthony"]
[Result "0-1"]
[WhiteElo "1901"]
[BlackElo "1672"]
[PlyCount "98"]
[EventDate "2011.10.16"]
[SourceDate "2011.10.16"]

1. e4 c5 2. Nf3 d6 3. Bb5+ Bd7 4. Bxd7+ Qxd7 5. O-O Nc6 6. b3 Nf6 7. Re1 g6 8.
Bb2 Bg7 9. d4 cxd4 10. Nxd4 O-O 11. Nd2 Rac8 12. N2f3 Rfd8 13. c4 e6 14. Qe2 a6
15. Rad1 Qc7 16. Ng5 Nxd4 17. Bxd4 h6 18. Nf3 Qa5 19. Qb2 Nh5 20. Bxg7 Nxg7 21.
Rd2 b5 22. cxb5 Qxb5 23. Red1 Qb6 24. Qa3 Ne8 25. h4 Rc5 26. Qb2 Rdc8 27. Qd4
Qc7 28. Qe3 Kh7 29. Qd3 a5 30. g4 Rc3 31. Qe2 Qc6 32. g5 h5 33. Nd4 Qd7 34. Rd3
e5 35. Nf3 Qg4+ 36. Kf1 Qh3+ 37. Ke1 Rc2 38. Qf1 Qxf1+ 39. Kxf1 Rxa2 40. Kg2
Rcc2 41. Rf1 Kg7 42. Ng1 Kf8 43. Rf3 Ke7 44. Rd1 Nc7 45. Rdd3 Ne6 46. Rc3 Nd4
47. Rxc2 Rxc2 48. Rd3 Rb2 49. Rc3 Kd7 0-1

[Event "N4 - Echiquier Aubois I- Chaumont I "]
[Site "?"]
[Date "2011.10.16"]
[Round "1"]
[White "Voguet, François"]
[Black "Brun, Franck"]
[Result "1/2-1/2"]
[WhiteElo "1748"]
[BlackElo "1826"]
[PlyCount "47"]
[EventDate "2011.10.16"]
[SourceDate "2011.10.16"]

1. e4 c5 2. d4 cxd4 3. c3 dxc3 4. Nxc3 g6 5. Nf3 Bg7 6. Bc4 e6 7. Nb5 d5 8.
exd5 a6 9. Nc3 e5 10. O-O Ne7 11. Re1 Bg4 12. h3 Bxf3 13. Qxf3 O-O 14. Bg5 Qd7
15. Rad1 Nf5 16. Be3 Nd6 17. Bb3 f5 18. Bc5 b5 19. a4 Qc7 20. Ba3 Nd7 21. axb5
e4 22. Qf4 Be5 23. Qd2 Nc5 24. Ba2 1/2-1/2

[Event "N4 Bogny/Rethel"]
[Site "?"]
[Date "2011.10.16"]
[Round "1"]
[White "Leghbali, Sophiane"]
[Black "Vedovotto, Nicolas"]
[Result "0-1"]
[WhiteElo "1909"]
[BlackElo "2063"]
[PlyCount "82"]
[EventDate "2011.10.18"]
[SourceDate "2011.10.16"]

1. e4 Nc6 2. Nf3 e5 3. Bb5 a6 4. Ba4 Nf6 5. d3 d6 6. c3 Be7 7. Nbd2 O-O 8. h3
Bd7 9. O-O g6 10. Re1 Nh5 11. Nf1 Ng7 12. Ne3 f5 13. Nd5 f4 14. d4 b5 15. Bb3
Kh8 16. a4 Rb8 17. axb5 axb5 18. Ra6 g5 19. Qd3 Bf6 20. Bc2 h5 21. g4 hxg4 22.
hxg4 Ne8 23. Kg2 Kg7 24. Rh1 Rh8 25. Rxh8 Kxh8 26. Qf1 Kg7 27. Qh1 Qc8 28. Rxc6
Bxc6 29. Qh5 Qd8 30. dxe5 dxe5 31. Bb3 Bxd5 32. Bxd5 Nd6 33. b3 Qe7 34. Qh1 Qd7
35. Nh2 c6 36. Qd1 cxd5 37. Qxd5 Rd8 38. Ba3 Nf7 39. c4 Qxd5 40. exd5 bxc4 41.
bxc4 e4 0-1

[Event "N4 Bogny/Rethel"]
[Site "?"]
[Date "2011.10.16"]
[Round "1"]
[White "Sohier, Renaud"]
[Black "Flamant, Jacky"]
[Result "0-1"]
[WhiteElo "1978"]
[BlackElo "1783"]
[PlyCount "91"]
[EventDate "2011.10.18"]
[SourceDate "2011.10.16"]

1. d4 Nf6 2. c4 e5 3. d5 Bc5 4. Nc3 d6 5. Qc2 c6 6. h3 cxd5 7. cxd5 Nbd7 8. Bg5
Qc7 9. e4 a6 10. Bd3 b5 11. Nge2 Bb7 12. O-O Rc8 13. a3 O-O 14. Kh1 h6 15. Bh4
Nh5 16. f4 exf4 17. Nxf4 Nxf4 18. Rxf4 Ne5 19. Bg3 Bd4 20. Be1 Rfe8 21. Be2 Ng6
22. Rf5 Qe7 23. Rd1 Be5 24. Bh5 Rc7 25. Qe2 Bc8 26. Rf1 Nf4 27. Qf3 Qg5 28. Bd2
Qxh5 29. Bxf4 Qxf3 30. Rxf3 Bxf4 31. Rxf4 Rc4 32. g4 Re5 33. Kg2 h5 34. Kg3
hxg4 35. hxg4 f6 36. Kf3 Kf7 37. Ke3 g5 38. Rf2 Bxg4 39. Rdf1 f5 40. Kd3 Kg6
41. Kd2 f4 42. Rg1 Rd4+ 43. Kc2 Bh3 44. Rxf4 Kg7 45. Rf3 g4 46. Rxh3 0-1

[Event "N4 Bogny/Rethel"]
[Site "?"]
[Date "2011.10.16"]
[Round "1"]
[White "Renard, Luc"]
[Black "Noizet, Donatien"]
[Result "0-1"]
[WhiteElo "1785"]
[BlackElo "1965"]
[PlyCount "64"]
[EventDate "2011.10.18"]
[SourceDate "2011.10.16"]

1. d4 d5 2. Nf3 Nf6 3. e3 c6 4. c4 Bg4 5. Qb3 Qb6 6. Ne5 Qxb3 7. axb3 Nbd7 8.
Nxg4 Nxg4 9. Nc3 e6 10. f3 Ngf6 11. Bd3 Bb4 12. O-O O-O 13. Na2 Ba5 14. Nc3 Bb4
15. Na2 Be7 16. Bd2 Rfc8 17. Bc3 c5 18. Nc1 cxd4 19. exd4 e5 20. dxe5 Bc5+ 21.
Kh1 d4 22. exf6 dxc3 23. bxc3 Be3 24. Bf5 Rc7 25. fxg7 Bd2 26. Ne2 Re8 27. Rf2
Be3 28. Rff1 Bd2 29. Ng3 Bxc3 30. Bxd7 Rxd7 31. Ne4 Bxa1 32. Rxa1 Kxg7 0-1

[Event "N4 Bogny/Rethel"]
[Site "?"]
[Date "2011.10.16"]
[Round "1"]
[White "Meunier, Samuel"]
[Black "Alcidi, Valentin"]
[Result "1-0"]
[WhiteElo "1935"]
[BlackElo "1808"]
[PlyCount "125"]
[EventDate "2011.10.18"]
[SourceDate "2011.10.16"]

1. e4 e5 2. Nf3 Nc6 3. d4 exd4 4. Nxd4 Bc5 5. Be3 Qf6 6. c3 Nge7 7. g3 d5 8.
Bg2 dxe4 9. O-O O-O 10. Bxe4 Nxd4 11. cxd4 Bb6 12. Nc3 c6 13. Qc2 g6 14. Rad1
Bh3 15. Rfe1 Bg4 16. f3 Be6 17. Kg2 Nf5 18. Bxf5 Qxf5 19. Qxf5 Bxf5 20. d5 Bxe3
21. Rxe3 cxd5 22. Nxd5 Kg7 23. Re7 b6 24. g4 Bc2 25. Rc1 Rfd8 26. Ne3 Rd2+ 27.
Kg3 Kf6 28. Rb7 Ba4 29. b3 Bb5 30. Rcc7 Be8 31. Rxa7 Rxa7 32. Rxa7 b5 33. h4
Rd3 34. Kf4 Rd4+ 35. Kg3 Rd3 36. Ra6+ Kg7 37. Kf4 Rd4+ 38. Ke5 Rd3 39. Ke4 Rd2
40. h5 Bd7 41. hxg6 hxg6 42. g5 Be6 43. a4 bxa4 44. bxa4 Ra2 45. a5 Bc8 46. Ra7
Ra4+ 47. Ke5 Ra3 48. Kd4 Ra4+ 49. Ke5 Ra3 50. Kf4 Ra4+ 51. Kg3 Be6 52. f4 Ra3
53. Kf2 Ra2+ 54. Kf3 Ra3 55. Ke4 Ra4+ 56. Ke5 Ra3 57. Nd5 Bxd5 58. Kxd5 Ra4 59.
Ke5 Ra1 60. a6 Re1+ 61. Kd5 Rd1+ 62. Kc6 Rd4 63. Rb7 1-0

[Event "N4 Bogny/Rethel"]
[Site "?"]
[Date "2011.10.16"]
[Round "1"]
[White "Waczecka, Jerome"]
[Black "Biniaux, Mickael"]
[Result "0-1"]
[WhiteElo "1734"]
[BlackElo "1710"]
[PlyCount "72"]
[EventDate "2011.10.18"]
[SourceDate "2011.10.16"]

1. d4 d5 2. Nf3 Nf6 3. Bg5 e6 4. Nbd2 Be7 5. e3 Nbd7 6. Bd3 O-O 7. c3 b6 8. O-O
Bb7 9. Ne5 Nxe5 10. dxe5 Nd7 11. Bxe7 Qxe7 12. f4 f6 13. exf6 Nxf6 14. Qe2 Rae8
15. Nf3 Qc5 16. Ne5 Qd6 17. Rad1 Qe7 18. Bb5 Rd8 19. c4 Rd6 20. Ba4 c6 21. Bc2
c5 22. g4 Nd7 23. Nxd7 Rxd7 24. g5 e5 25. Qh5 e4 26. g6 hxg6 27. Qxg6 d4 28.
exd4 Rf6 29. Qh5 cxd4 30. Rf3 Qf7 31. Qh4 d3 32. Rh3 Rh6 33. Qg4 Rg6 34. Qxg6
Qxg6+ 35. Rg3 Qc6 36. Bb3 Qc5+ 0-1

[Event "N4 Bogny/Rethel"]
[Site "?"]
[Date "2011.10.16"]
[Round "1"]
[White "Lhoest, Alain"]
[Black "Prioux, Michel"]
[Result "1-0"]
[WhiteElo "1696"]
[BlackElo "1812"]
[PlyCount "61"]
[EventDate "2011.10.18"]
[SourceDate "2011.10.16"]

1. e4 c5 2. Nf3 e6 3. d4 cxd4 4. Nxd4 a6 5. c4 Qc7 6. Nc3 Be7 7. Be3 Nf6 8. Be2
b6 9. f4 d6 10. O-O Bb7 11. Qd3 Nbd7 12. Nb3 O-O 13. Bf3 Rac8 14. Nd2 Rfd8 15.
b3 Bf8 16. Rad1 Nc5 17. Qe2 d5 18. cxd5 exd5 19. Nxd5 Nxd5 20. exd5 Bxd5 21.
Bxd5 Rxd5 22. Rc1 Qb7 23. Rc3 Rcd8 24. Kh1 Nd3 25. Qf3 Bc5 26. Rxd3 Bxe3 27.
Rxe3 Qd7 28. Nc4 Rd1 29. Ree1 Rd3 30. Qe2 Qb5 31. a4 1-0

[Event "N4 Bogny/Rethel"]
[Site "?"]
[Date "2011.10.16"]
[Round "1"]
[White "Husson, Christophe"]
[Black "Motin, Jean Charles"]
[Result "1/2-1/2"]
[WhiteElo "1680"]
[BlackElo "1613"]
[PlyCount "100"]
[EventDate "2011.10.18"]
[SourceDate "2011.10.16"]

1. d4 d5 2. c4 c6 3. Nc3 Nf6 4. Nf3 Bf5 5. e3 e6 6. Be2 Nbd7 7. c5 Be7 8. O-O
Qc7 9. h3 h6 10. b4 a6 11. Bb2 O-O 12. a4 b5 13. Nd2 Rfb8 14. axb5 axb5 15. Nb3
Rxa1 16. Qxa1 Qc8 17. Na5 Ra8 18. Qc1 Bd8 19. Nb3 Qb8 20. Qd2 Bc7 21. Rc1 Ne4
22. Nxe4 Bxe4 23. Qe1 Ra2 24. Bc3 Qa8 25. Ra1 Nb8 26. Na5 Rxa1 27. Qxa1 Bxa5
28. f3 Bh7 29. g4 Qa6 30. Qxa5 Qxa5 31. bxa5 Na6 32. Kf1 g5 33. Ke1 f5 34. Kd2
Kf7 35. Bd3 Bg6 36. Ke2 Kf6 37. Kd2 h5 38. Be2 hxg4 39. hxg4 fxg4 40. fxg4 Be4
41. Ke1 Kg6 42. Kd2 Kf7 43. Kc1 Ke7 44. Kb2 Kd7 45. Kb3 Kc7 46. Be1 Kd7 47. Bg3
Ke7 48. Bd6+ Kf7 49. Be5 Ke7 50. Bd6+ Kf7 1/2-1/2

[Event "N4 Bogny/Rethel"]
[Site "?"]
[Date "2011.10.16"]
[Round "1"]
[White "Pierlot, Aurore"]
[Black "Gervaise, Marine"]
[Result "1-0"]
[WhiteElo "1410"]
[BlackElo "1690"]
[PlyCount "87"]
[EventDate "2011.10.18"]
[SourceDate "2011.10.16"]

1. e4 e5 2. Nf3 Nc6 3. Bc4 Nf6 4. Ng5 d5 5. exd5 Na5 6. Bb5+ c6 7. dxc6 Nxc6 8.
Qe2 Qe7 9. b3 Bg4 10. Qc4 Qc7 11. Nc3 Bh5 12. Nge4 Nxe4 13. Qxe4 Bg6 14. Qe2 f6
15. d4 Bb4 16. Bd2 Bxc3 17. Bxc3 O-O 18. dxe5 Nxe5 19. Bxe5 fxe5 20. O-O a6 21.
Bd3 Bxd3 22. Qxd3 Rad8 23. Qe2 Rf5 24. Rfe1 Rdf8 25. Rad1 Qc5 26. Qc4+ Qxc4 27.
bxc4 Rxf2 28. Rc1 Rd8 29. Kxf2 Rf8+ 30. Kg1 Rf4 31. c5 Ra4 32. Rxe5 Rxa2 33.
Re7 Rb2 34. Rce1 h6 35. R1e2 a5 36. Re8+ Kh7 37. Ra8 Ra2 38. Re7 a4 39. Rxb7 a3
40. Rba7 Rxc2 41. Rxa3 Rxc5 42. R3a7 Rg5 43. g3 h5 44. Ra5 1-0

[Event "N4 Epernay/La Tour du Roi"]
[Site "?"]
[Date "2011.10.16"]
[Round "1"]
[White "Defrance, Laurent"]
[Black "Lassalle, Arnaud"]
[Result "1/2-1/2"]
[WhiteElo "2128"]
[BlackElo "2063"]
[PlyCount "28"]
[EventDate "2011.10.18"]
[SourceDate "2011.10.16"]

1. d4 d5 2. Nf3 Nf6 3. c4 c6 4. Nc3 dxc4 5. a4 Bf5 6. e3 e6 7. Bxc4 Bb4 8. O-O
Nbd7 9. Qe2 Bg6 10. Bd3 Bxd3 11. Qxd3 O-O 12. Qc4 Qe7 13. Bd2 c5 14. dxc5 Qxc5
1/2-1/2

[Event "N4 Epernay/La Tour du Roi"]
[Site "?"]
[Date "2011.10.16"]
[Round "1"]
[White "Halfaoui, Eddine"]
[Black "Crepaux, Jean-Marie"]
[Result "1-0"]
[WhiteElo "1849"]
[BlackElo "1897"]
[PlyCount "89"]
[EventDate "2011.10.18"]
[SourceDate "2011.10.16"]

1. e4 e5 2. Nf3 Nc6 3. Bb5 Bc5 4. O-O Nd4 5. Nxd4 Bxd4 6. c3 Bb6 7. d4 c6 8.
Ba4 d6 9. Be3 Nf6 10. Qd3 O-O 11. Nd2 Bg4 12. Bg5 h6 13. Bh4 Qe7 14. Bc2 Bh5
15. Nc4 Bc7 16. Ne3 Qe6 17. d5 cxd5 18. exd5 Qd7 19. Bxf6 Bg6 20. Qc4 gxf6 21.
Qh4 Bxc2 22. Nxc2 Qf5 23. Ne3 Qg5 24. Qh3 Rad8 25. Rad1 Kh7 26. Nf5 Rg8 27. Rd3
Rde8 28. Rg3 Qd2 29. Re3 Rg6 30. Nh4 Reg8 31. Nxg6 Rxg6 32. Rd3 Qe2 33. Rg3 Bb6
34. Rxg6 Kxg6 35. Qg3+ Kf5 36. h3 Qe4 37. Qg7 Qe2 38. Qh7+ Kg5 39. h4+ Kxh4 40.
Qxh6+ Kg4 41. Qxf6 Qxb2 42. Kh2 Qe2 43. f3+ Kh5 44. Re1 Qc2 45. Rh1 1-0